La Provincia : dimensiones histórica y política / por Joaquín Buxó-Dulce de Abaigar, Marqués de Castell-Florite dimensiones histórica y política / por Joaquín Buxó-Dulce de Abaigar, Marqués de Castell-Florite
Descripción Física:
p. 121-142 ; 27 cm
Materias:
Administració provincial -- Espanya
MARC
| LEADER | 00000nam a2200000Ia 4500 | ||
|---|---|---|---|
| 001 | 7967 | ||
| 008 | 160829s1966 xx 000 0 cat d | ||
| 080 | |a FU-22-10 | ||
| 100 | 1 | |a Buxó de Abaigar, Joaquín, |c marqués de Castell-Florite, |d 1905-1979 |9 54201 | |
| 245 | |a La Provincia : |b dimensiones histórica y política / por Joaquín Buxó-Dulce de Abaigar, Marqués de Castell-Florite | ||
| 260 | |a Barcelona : |b Diputación Provincial de Barcelona. Instituto de Ciencias Sociales, |c 1966 | ||
| 300 | |a p. 121-142 ; |c 27 cm | ||
| 590 | |a Separata de: La Provincia, dimensiones hitórica y política, amb R. 2284 | ||
| 650 | 0 | |a Administració provincial |z Espanya |9 3648 | |
| 710 | 2 | |a Instituto de Ciencias Sociales (Barcelona, Catalunya) |9 54508 | |
| 901 | |a Arxiu | ||
| 942 | |n 1 | ||
| 952 | |0 0 |1 0 |4 0 |6 FU2210 |7 1 |9 49161 |a Arxiu |b Arxiu |d 2016-12-01 |l 0 |o FU-22-10 |p 7967 |r 2016-12-01 00:00:00 |w 2016-12-01 |y ARXIU | ||
| 999 | |c 53000 |d 53000 | ||